Faculty of Law Library — Cairo University

Official Online Catalog

Iuris Et Judicii Fecialis, Sive Ius Inter Gentes Et Quaestionum De Eodem Explicatio : (Record no. 50535)

MARC details
000 -LEADER
fixed length control field 01512naa a2200337 i 4500
003 - CONTROL NUMBER IDENTIFIER
control field EG-GICUC
005 - DATE AND TIME OF LATEST TRANSACTION
control field 20260121101504.0
008 - FIXED-LENGTH DATA ELEMENTS--GENERAL INFORMATION
fixed length control field 251215s1911 us ||||fr|||| ||1 | lat d
040 ## - CATALOGING SOURCE
Original cataloging agency EG-GiCUC
Language of cataloging eng
Transcribing agency EG-GiCUC
Modifying agency EG-GiCUC
Description conventions rda
082 04 - DEWEY DECIMAL CLASSIFICATION NUMBER
Edition number 21
Classification number 341.1
Item number ZO . I
092 04 - LOCALLY ASSIGNED DEWEY CALL NUMBER (OCLC)
Edition number 21
099 ## - LOCAL FREE-TEXT CALL NUMBER (OCLC)
Classification number Law1 11 341.1 ZO . I 1911
100 1# - MAIN ENTRY--PERSONAL NAME
Personal name Zouch, Richard,
Dates associated with a name 1590-1661,
Relator term Author.
245 10 - TITLE STATEMENT
Title Iuris Et Judicii Fecialis, Sive Ius Inter Gentes Et Quaestionum De Eodem Explicatio :
Remainder of title Qua Quae Ad Pacem & Bellum Inter Diversos Principes, Aut Populos Spectant, Ex Praecipuis Historico-jure-peritis, Exhibentur.
Number of part/section of a work Volume One /
Statement of responsibility, etc. By Richard Zouche ; Editied by Thomas Erskine Holland .
264 #1 - PRODUCTION, PUBLICATION, DISTRIBUTION, MANUFACTURE, AND COPYRIGHT NOTICE
Place of production, publication, distribution, manufacture New York :
Name of producer, publisher, distributor, manufacturer Oxford University Press,
Date of production, publication, distribution, manufacture, or copyright notice 1933.
264 #1 - PRODUCTION, PUBLICATION, DISTRIBUTION, MANUFACTURE, AND COPYRIGHT NOTICE
Place of production, publication, distribution, manufacture Washington, D.C. :
Name of producer, publisher, distributor, manufacturer Carnegie Institution of Washington,
Date of production, publication, distribution, manufacture, or copyright notice 1911.
300 ## - PHYSICAL DESCRIPTION
Extent Various paging :
Other physical details Photographs ;
Dimensions 24 cm.
336 ## - CONTENT TYPE
Source rda content
Content type term text
337 ## - MEDIA TYPE
Source rda media
Media type term Computer
338 ## - CARRIER TYPE
Source rda carrier
Carrier type term Online Resource
490 0# - SERIES STATEMENT
Series statement The classics of international law.
500 ## - GENERAL NOTE
General note Includes index
500 ## - GENERAL NOTE
General note Text in Latin
505 ## - FORMATTED CONTENTS NOTE
Formatted contents note I. A reproduction of the first edition (1650), with introduction, list of errata, and table of authors.--II. A translation of the text, by J.L. Brierly.
650 14 - SUBJECT ADDED ENTRY--TOPICAL TERM
Topical term or geographic name entry element Public international law
Source of heading or term qrmak
651 1# - SUBJECT ADDED ENTRY--GEOGRAPHIC NAME
Source of heading or term qrmak
700 1# - ADDED ENTRY--PERSONAL NAME
Personal name Holland, Thomas Erskine,
Dates associated with a name 1835-1926,
Relator term editor.
856 40 - ELECTRONIC LOCATION AND ACCESS
Uniform Resource Identifier <a href="https://fll.law.cu.edu.eg/fulltext/bks/B11-05451.pdf">https://fll.law.cu.edu.eg/fulltext/bks/B11-05451.pdf</a>
905 ## - Cataloger and Reviser Names
Cataloger Name: Rawan khaled
Revisor Name: Hassnaa
942 ## - ADDED ENTRY ELEMENTS (KOHA)
Source of classification or shelving scheme Dewey Decimal Classification
Suppress in OPAC No
Koha item type Books
Edition 21
Holdings
Withdrawn status Lost status Source of classification or shelving scheme Materials specified (bound volume or other part) Damaged status Not for loan Collection Home library Current library Date acquired Total checkouts Full call number Barcode Date last seen Copy number Price effective from Koha item type
    Dewey Decimal Classification V1   Not for loan القانون الدولي العام جــــامعة القــاهرة مكتبة كلية الحقوق - المبنى الرئيسي 15.12.2025   Law1 11 341.1 ZO . I 1911 1105451 V1, C1 B11-05451 15.12.2025 1 15.12.2025 Books

© All rights reserved — Faculty of Law, Cairo University